<Le> travail intérimaire

Gespeichert in:
Bibliographische Detailangaben
1. Verfasser: Caire, Guy
Format: Buch
Sprache:Französisch
Veröffentlicht: Paris Presses Universitaires de France 1993
Schriftenreihe:Que sais - je ? 2804
Schlagworte:
Tags: Tag hinzufügen
Keine Tags, Fügen Sie das erste Tag hinzu!

MARC

LEADER 00000nam$a2200000$$$4500
001 0115303
005 20240111124543.2
020 |a 2-13-045825-4 
041 0 |a fre 
044 |a FR 
245 1 0 |a <Le> travail intérimaire  |c Guy Caire 
264 1 |a Paris  |b Presses Universitaires de France  |c 1993 
300 |a 127 s. 
490 1 |a Que sais - je ?  |v 2804 
830 0 |a Que sais - je ?  |v 2804 
610 2 0 |a práca 
610 2 0 |a proces pracovný 
100 1 |a Caire, Guy